Una misión diplomática venezolana ante Napoleón en 1813

Salvato in:
Dettagli Bibliografici
Autore principale: Parra Pérez, Caraccido (autor)
Natura: Libro
Lingua:spagnolo
Pubblicazione: Caracas Secretaría General de la Décima Conferencia Interamericana 1953
Serie:Colección Historia, 4
Soggetti:
Tags: Aggiungi Tag
Nessun Tag, puoi essere il primo ad aggiungerne!!

MARC

LEADER 00000nam a2200000 a 4500
001 UCO3789
003 CL-VaPUC
008 000720e19530000VE |||||||||||||||||spa|d
082 0 4 |a 327.0987  |b PAR  |2 21 
100 |a Parra Pérez, Caraccido  |e autor  |9 447713 
245 1 4 |a Una misión diplomática venezolana ante Napoleón en 1813 
300 |a 89 p 
942 |c BK 
945 |d 20000720 00:00:00  |a crobeson 
260 |a Caracas  |b Secretaría General de la Décima Conferencia Interamericana  |c 1953 
600 0 |a Bonaparte, Napoleón   |9 317802 
650 7 |a HISTORIA DIPLOMATICA 1813  |2 CL-VaPUC  |9 447714 
650 0 |a Historia de Venezuela  |9 446382 
651 0 |a Venezuela  |9 254993 
583 |a last modification  |c 20000720 00:00:00  |k Rodrigo Vera 
490 0 |a Colección Historia, 4 
999 |c 289920  |d 289918 
952 |0 0  |1 0  |4 0  |6 327_098700000000000_PAR_1953  |7 0  |8 A  |9 338888  |a BIBHIS  |b BIBHIS  |d 2019-11-20  |i 1201115  |o 327.0987 PAR 1953  |p 1201115  |r 2025-01-20  |w 2019-11-20  |y BK  |k HIS